[Event "8MCR_4D_1L_1S"]
[Site "?"]
[Date "2008.??.??"]
[Round "?"]
[White "Jirku, Jaroslav"]
[Black "Jandovsky, Viktor"]
[Result "1/2-1/2"]
[WhiteElo "2271"]
[BlackElo "2280"]
[PlyCount "84"]
[EventDate "2008.??.??"]
[EventType "corr"]

1. e4 c5 2. Nf3 e6 3. d4 cxd4 4. Nxd4 Nf6 5. Nc3 d6 6. g4 h6 7. h4 Nc6 8. Rg1
d5 9. exd5 Nxd5 10. Nxd5 Qxd5 11. Bg2 Qc4 12. Nxc6 bxc6 13. Be3 e5 14. b3 Qa6
15. Qd3 Bb4+ 16. Bd2 Bxd2+ 17. Kxd2 Qa5+ 18. Qc3 Qxc3+ 19. Kxc3 Kd7 20. Rae1 f6
21. Re3 Kc7 22. f4 Re8 23. a3 Bd7 24. f5 Rad8 25. b4 Bc8 26. Be4 Rd4 27. g5
hxg5 28. hxg5 Rh8 29. gxf6 gxf6 30. Rg7+ Kb6 31. Rf7 Rh4 32. Bd3 Rd6 33. Rf8
Bd7 34. a4 c5 35. a5+ Kc7 36. bxc5 Rc6 37. Kb3 Rxc5 38. a6 Ba4+ 39. Kb2 Rh2 40.
Rxf6 Bxc2 41. Bxc2 Rhxc2+ 42. Kb3 Rc6 1/2-1/2

[Event "8MCR_4D_1L_1S"]
[Site "?"]
[Date "2008.??.??"]
[Round "?"]
[White "Jirku, Jaroslav"]
[Black "Kratochvil, Jan"]
[Result "1/2-1/2"]
[WhiteElo "2271"]
[BlackElo "1915"]
[PlyCount "76"]
[EventDate "2008.??.??"]
[EventType "corr"]

1. e4 e5 2. Nf3 Nc6 3. Bb5 Nf6 4. O-O Nxe4 5. d4 Be7 6. dxe5 d5 7. exd6 Nxd6 8.
Bxc6+ bxc6 9. Re1 O-O 10. Ne5 Bb7 11. Nc3 Re8 12. Bf4 f6 13. Nd3 Nf5 14. Qh5 g6
15. Qg4 c5 16. Rad1 Nd4 17. Rd2 Bd6 18. Re3 Bc6 19. a3 Rb8 20. h3 f5 21. Qg3
Qf6 22. h4 Be4 23. b4 Bxd3 24. Rexd3 Bxf4 25. Qxf4 Re1+ 26. Kh2 Rbe8 27. bxc5
Ne6 28. Qc4 c6 29. Re2 Rxe2 30. Nxe2 Qe5+ 31. Ng3 Qxc5 32. Qxc5 Nxc5 33. Rc3
Re5 34. Rc4 Kf7 35. Nf1 a6 36. f4 Re1 37. Nd2 Ne6 38. Nf3 Re3 1/2-1/2

[Event "8MCR_4D_1L_1S"]
[Site "?"]
[Date "2008.??.??"]
[Round "?"]
[White "Jirku, Jaroslav"]
[Black "Kuta, Jiri"]
[Result "1/2-1/2"]
[WhiteElo "2271"]
[BlackElo "2360"]
[PlyCount "125"]
[EventDate "2008.??.??"]
[EventType "corr"]

1. e4 c5 2. Nf3 Nc6 3. d4 cxd4 4. Nxd4 Nf6 5. Nc3 e5 6. Ndb5 d6 7. Bg5 a6 8.
Na3 b5 9. Nd5 Be7 10. Bxf6 Bxf6 11. c3 O-O 12. Nc2 Bg5 13. a4 bxa4 14. Rxa4 a5
15. Bc4 Rb8 16. b3 Kh8 17. O-O f5 18. exf5 Bxf5 19. Nce3 Bg6 20. Qe2 e4 21. Ng4
Rb7 22. Ra2 Qd7 23. h3 Rbb8 24. Re1 Bh4 25. Rf1 Bg5 26. Re1 Bh4 27. Qd1 h5 28.
Nge3 Ne5 29. Ree2 Qf7 30. Red2 Bh7 31. Kh1 Qe8 32. Qe1 Nd3 33. Bxd3 exd3 34.
Qd1 Rb7 35. c4 Qg6 36. Kg1 Bd8 37. f4 Qe4 38. Rf2 Bh4 39. Rf1 Bf6 40. Re1 Bd4
41. Kh1 Re8 42. Rd2 Kg8 43. Kh2 h4 44. Qh5 Bc3 45. Nxc3 Qxf4+ 46. Kg1 Rxe3 47.
Rf1 Qe5 48. Qxh4 Bg6 49. Nd5 Re4 50. Qd8+ Kh7 51. Rxd3 a4 52. Nc3 Re3 53. Rxe3
Qxe3+ 54. Kh1 axb3 55. Rf8 Qe1+ 56. Kh2 Qe5+ 57. Kh1 Bh5 58. Rh8+ Kg6 59. g4
Bxg4 60. hxg4 b2 61. Qe8+ Qxe8 62. Rxe8 Kg5 63. Nb1 1/2-1/2

[Event "8MCR_4D_1L_1S"]
[Site "?"]
[Date "2008.??.??"]
[Round "?"]
[White "Kratochvil, Jan"]
[Black "Antosik, Alois"]
[Result "1/2-1/2"]
[WhiteElo "1915"]
[BlackElo "2200"]
[PlyCount "56"]
[EventDate "2008.??.??"]
[EventType "corr"]

1. d4 Nf6 2. c4 g6 3. Nf3 Bg7 4. Nc3 O-O 5. e4 d6 6. h3 c5 7. Be3 cxd4 8. Nxd4
b6 9. Be2 Bb7 10. Qc2 Nc6 11. Nxc6 Bxc6 12. O-O Qc7 13. b4 a5 14. b5 Bb7 15.
Rad1 Nd7 16. Nd5 Bxd5 17. exd5 Nc5 18. h4 h5 19. f4 f5 20. Bf3 Rac8 21. Rfe1
Qd7 22. g3 Rc7 23. Rc1 Bf6 24. Qd2 Kf7 25. Bf2 Kg7 26. Kh2 Rfc8 27. Rc2 Kh7 28.
Kg2 Qe8 1/2-1/2

[Event "8MCR_4D_1L_1S"]
[Site "?"]
[Date "2008.??.??"]
[Round "?"]
[White "Kratochvil, Jan"]
[Black "Bednarik, Radovan"]
[Result "0-1"]
[WhiteElo "1915"]
[BlackElo "2112"]
[PlyCount "59"]
[EventDate "2008.??.??"]
[EventType "corr"]

1. d4 d5 2. c4 c6 3. Nc3 Nf6 4. Nf3 Bf5 5. e3 e6 6. Nh4 Be4 7. f3 Bg6 8. Qb3
Qc7 9. Bd2 Be7 10. Rc1 Nbd7 11. g3 Nb6 12. cxd5 exd5 13. Nxg6 hxg6 14. Bd3 a5
15. O-O Qd8 16. Ne2 a4 17. Qc2 Qd7 18. Rcd1 Kf8 19. Rf2 Kg8 20. Re1 Nh7 21. Nf4
Ng5 22. Bf1 Qd6 23. b4 axb3 24. Qxb3 Nc4 25. Bxc4 dxc4 26. Qxc4 b5 27. Qc2 Qd7
28. h4 Nh3+ 29. Nxh3 Qxh3 30. Rg2 0-1

[Event "8MCR_4D_1L_1S"]
[Site "?"]
[Date "2008.??.??"]
[Round "?"]
[White "Kratochvil, Jan"]
[Black "Boukal, Petr"]
[Result "1/2-1/2"]
[WhiteElo "1915"]
[BlackElo "2416"]
[PlyCount "54"]
[EventDate "2008.??.??"]
[EventType "corr"]

1. d4 Nf6 2. c4 g6 3. Nc3 Bg7 4. e4 d6 5. Be2 O-O 6. Nf3 e5 7. Be3 Ng4 8. Bg5
f6 9. Bh4 g5 10. Bg3 Nh6 11. h3 Nc6 12. dxe5 dxe5 13. Qd5+ Nf7 14. O-O-O f5 15.
exf5 Bxf5 16. Qb5 Nd6 17. Qc5 Qf6 18. Rhe1 a5 19. Rd2 g4 20. hxg4 Bxg4 21. Kb1
Rf7 22. a3 Bf5+ 23. Ka1 a4 24. Rd5 Na5 25. Qb4 Nc6 26. Qc5 Na5 27. Qb4 Nc6
1/2-1/2

[Event "8MCR_4D_1L_1S"]
[Site "?"]
[Date "2008.??.??"]
[Round "?"]
[White "Kratochvil, Jan"]
[Black "Brichacek, Milan"]
[Result "1/2-1/2"]
[WhiteElo "1915"]
[BlackElo "2215"]
[PlyCount "115"]
[EventDate "2008.??.??"]
[EventType "corr"]

1. d4 Nf6 2. c4 e6 3. Nc3 Bb4 4. e3 O-O 5. Bd3 d5 6. Nf3 c5 7. O-O dxc4 8. Bxc4
cxd4 9. exd4 b6 10. Qe2 Bb7 11. Bg5 Bxc3 12. bxc3 Nbd7 13. Bd3 Qc7 14. Bd2 Rac8
15. Rac1 Qd6 16. Rfe1 Rc7 17. h3 Rfc8 18. Rb1 Bd5 19. Ne5 Bxa2 20. Ra1 Bd5 21.
Bf4 Rxc3 22. Rxa7 Nxe5 23. dxe5 Qb8 24. Rea1 Ne8 25. Bd2 R3c7 26. R7a4 Rd7 27.
Bb5 Rdc7 28. Ba6 Bb7 29. Bd3 Rd7 30. Rh4 h6 31. Bb4 Rcc7 32. Rg4 Qd8 33. Rg3
Rd4 34. Bd2 Rcd7 35. Ra3 Ba6 36. Rxa6 Rxd3 37. Be3 b5 38. Kh2 Qb8 39. Qb2 R3d5
40. Qb4 Qxe5 41. Bxh6 Qf6 42. Be3 Rd8 43. Rf3 Qe5+ 44. Bf4 Qd4 45. Qxd4 Rxd4
46. Rb6 R4d5 47. Re3 Nd6 48. Bxd6 R8xd6 49. Rb8+ Rd8 50. Rb7 Rf5 51. Re2 Rdd5
52. g3 Rfe5 53. Ra2 g5 54. g4 Rd4 55. Rb2 Kg7 56. R2xb5 Rxb5 57. Rxb5 f6 58.
Rb3 1/2-1/2

[Event "8MCR_4D_1L_1S"]
[Site "?"]
[Date "2008.??.??"]
[Round "?"]
[White "Kratochvil, Jan"]
[Black "Hybl, Vladislav"]
[Result "1/2-1/2"]
[WhiteElo "1915"]
[BlackElo "2315"]
[PlyCount "65"]
[EventDate "2008.??.??"]
[EventType "corr"]

1. d4 d5 2. Nf3 Nf6 3. g3 e6 4. c4 dxc4 5. Qa4+ Nbd7 6. Bg2 a6 7. Nc3 Rb8 8.
Qxc4 b5 9. Qd3 Bb7 10. O-O c5 11. dxc5 Nxc5 12. Qxd8+ Rxd8 13. Rd1 Rxd1+ 14.
Nxd1 Bd6 15. Be3 Ke7 16. Bd4 Rc8 17. Ne3 g6 18. Ne5 Bxg2 19. Kxg2 Nfd7 20. f4
f6 21. Nxd7 Nxd7 22. Rd1 e5 23. Nd5+ Ke6 24. Bc3 f5 25. fxe5 Bxe5 26. Nf4+ Bxf4
27. gxf4 Nc5 28. Kf3 Ne4 29. Bd4 Rc4 30. Bh8 Nd6 31. Be5 Nf7 32. Bd4 a5 33. Rd3
1/2-1/2

[Event "8MCR_4D_1L_1S"]
[Site "?"]
[Date "2008.??.??"]
[Round "?"]
[White "Kratochvil, Jan"]
[Black "Jandovsky, Viktor"]
[Result "0-1"]
[WhiteElo "1915"]
[BlackElo "2280"]
[PlyCount "144"]
[EventDate "2008.??.??"]
[EventType "corr"]

1. d4 Nf6 2. Nf3 g6 3. Bg5 Bg7 4. Nbd2 d5 5. c3 O-O 6. e3 Nbd7 7. Bd3 Re8 8.
Bf4 Nh5 9. g3 c5 10. O-O f6 11. c4 e5 12. dxe5 fxe5 13. Bg5 Bf6 14. Bxf6 Nhxf6
15. e4 d4 16. Nb3 b6 17. Re1 Bb7 18. Qe2 Rf8 19. Nh4 Qe7 20. Nd2 Qg7 21. Ndf3
Qh6 22. Bc2 Bc6 23. Qd3 Rf7 24. a4 a5 25. Nd2 Raf8 26. Ra3 Ne8 27. Ndf3 Nd6 28.
Qe2 Bb7 29. Bb1 Kg7 30. Rf1 g5 31. Ng2 Qh5 32. Nxd4 Qxe2 33. Nxe2 Nxc4 34. Ba2
Nxa3 35. Bxf7 Kxf7 36. bxa3 Bxe4 37. Rd1 Ke6 38. Ne3 Bf3 39. Rd2 Bc6 40. Nc3 e4
41. Rb2 h5 42. Kf1 Bb7 43. Kg1 Rf6 44. Rd2 Bc6 45. Nc4 Ne5 46. Rd6+ Ke7 47.
Rxf6 Kxf6 48. Nxb6 Nf3+ 49. Kg2 Nd2 50. h4 g4 51. Nbd5+ Bxd5 52. Nxd5+ Ke5 53.
Nf4 c4 54. Nxh5 c3 55. Nf4 c2 56. Ne2 Nb3 57. Kf1 Kf6 58. Ke1 Kf5 59. Kf1 c1=Q+
60. Nxc1 Nxc1 61. Ke1 Nd3+ 62. Ke2 Nc5 63. Ke3 Nxa4 64. Kd4 Nb2 65. h5 Nd1 66.
h6 Kg6 67. Kxe4 Nxf2+ 68. Ke3 Nh3 69. Ke4 Kxh6 70. Kd3 Kg5 71. Ke2 Kf5 72. Ke3
Ng5 0-1

[Event "8MCR_4D_1L_1S"]
[Site "?"]
[Date "2008.??.??"]
[Round "?"]
[White "Kratochvil, Jan"]
[Black "Nyvlt, Zdenek"]
[Result "1/2-1/2"]
[WhiteElo "1915"]
[BlackElo "2312"]
[PlyCount "107"]
[EventDate "2008.??.??"]
[EventType "corr"]

1. d4 Nf6 2. c4 e6 3. Nc3 Bb4 4. Nf3 O-O 5. e3 b6 6. Bd3 Bb7 7. O-O Bxc3 8.
bxc3 c5 9. Nd2 Nc6 10. e4 cxd4 11. cxd4 Nxd4 12. e5 Ne8 13. Nb3 Nc6 14. f4 f5
15. Ba3 Rf7 16. Qd2 d6 17. exd6 Nxd6 18. Qe3 Ne8 19. Rad1 Qf6 20. Rd2 Nc7 21.
Bb2 Qh4 22. Bc3 Rd8 23. Rfd1 Re8 24. Re1 Rfe7 25. Rf1 Qh6 26. Qf2 Ba6 27. Nd4
Nxd4 28. Bxd4 Rc8 29. Qe3 Qg6 30. Rfd1 Qf7 31. Be5 Ne8 32. Be2 Bxc4 33. Rc1 b5
34. a4 a6 35. Qb6 Ra7 36. a5 Qe7 37. Rdc2 Kf7 38. h3 Rb7 39. Qxa6 Qc5+ 40. Kh2
Qa7 41. Qxa7 Rxa7 42. Ra1 Nf6 43. Bf3 Nd5 44. g4 fxg4 45. hxg4 Nb4 46. Rd2 Bd5
47. Bxd5 Nxd5 48. f5 Nf6 49. fxe6+ Kxe6 50. Bd4 Rd7 51. Re1+ Kf7 52. g5 Ng4+
53. Kg3 h5 54. gxh6 1/2-1/2

[Event "8MCR_4D_1L_1S"]
[Site "?"]
[Date "2008.??.??"]
[Round "?"]
[White "Kubecek, Jan"]
[Black "Cvak, Rudolf"]
[Result "1-0"]
[WhiteElo "1985"]
[BlackElo "2264"]
[PlyCount "81"]
[EventDate "2008.??.??"]
[EventType "corr"]

1. c4 e5 2. Nc3 Nf6 3. g3 d5 4. cxd5 Nxd5 5. Bg2 Nc6 6. Bxd5 Bd6 7. Bg2 O-O 8.
Nf3 Bg4 9. h3 Be6 10. d4 exd4 11. Nxd4 Nxd4 12. Qxd4 c6 13. O-O Qe7 14. Bf4 Bc5
15. Qe5 Rad8 16. Rfd1 f6 17. Qc7 Rfe8 18. Qxe7 Bxe7 19. Be3 a6 20. Bb6 Rxd1+
21. Rxd1 Bf8 22. a3 Re7 23. b4 Rd7 24. Rxd7 Bxd7 25. e4 Bd6 26. f4 Kf7 27. Kf2
g5 28. Ke3 Ke7 29. Na4 Bc8 30. Bc5 h6 31. Bxd6+ Kxd6 32. Kd4 gxf4 33. gxf4 Be6
34. Nc5 Bc8 35. Bf3 Bxh3 36. Nxb7+ Ke7 37. Kc5 f5 38. e5 Bg4 39. Bxc6 h5 40.
Nd6 h4 41. a4 1-0

[Event "8MCR_4D_1L_1S"]
[Site "?"]
[Date "2008.??.??"]
[Round "?"]
[White "Kubecek, Jan"]
[Black "Jirku, Jaroslav"]
[Result "1/2-1/2"]
[WhiteElo "1985"]
[BlackElo "2271"]
[PlyCount "67"]
[EventDate "2008.??.??"]
[EventType "corr"]

1. d4 d5 2. c4 e6 3. Nf3 Nf6 4. g3 dxc4 5. Bg2 Nc6 6. Qa4 Bb4+ 7. Bd2 Nd5 8.
Bxb4 Ndxb4 9. O-O Rb8 10. Nc3 a6 11. Ne5 O-O 12. Bxc6 Nxc6 13. Nxc6 bxc6 14.
Qxc4 Rxb2 15. Rab1 Rb6 16. Qc5 h6 17. Rfd1 Rxb1 18. Rxb1 Qd6 19. Qxd6 cxd6 20.
f4 e5 21. fxe5 dxe5 22. dxe5 Re8 23. Rb8 Kf8 24. Kf2 Bf5 25. Rxe8+ Kxe8 26. Ke3
Kd7 27. Na4 Kc7 28. Kd4 Be6 29. a3 Bg4 30. Kc5 Bxe2 31. Kb4 f6 32. exf6 gxf6
33. Nc3 Bd3 34. Kc5 1/2-1/2

[Event "8MCR_4D_1L_1S"]
[Site "?"]
[Date "2008.??.??"]
[Round "?"]
[White "Kubecek, Jan"]
[Black "Kratochvil, Jan"]
[Result "1/2-1/2"]
[WhiteElo "1985"]
[BlackElo "1915"]
[PlyCount "58"]
[EventDate "2008.??.??"]
[EventType "corr"]

1. d4 d5 2. c4 dxc4 3. Nf3 c5 4. Nc3 Nf6 5. d5 e6 6. e4 exd5 7. e5 Nfd7 8. Bg5
Be7 9. Bxe7 Qxe7 10. Nxd5 Qd8 11. Bxc4 Nc6 12. O-O O-O 13. Re1 Nb6 14. Nxb6
axb6 15. Qb3 Na5 16. Qa4 Qe7 17. Bd3 Rd8 18. Qe4 g6 19. Bb5 Bf5 20. Qf4 Nc6 21.
Bxc6 bxc6 22. h3 Kg7 23. a4 Be6 24. Qe3 h6 25. Rec1 Bd5 26. Nh2 Qg5 27. Qxg5
hxg5 28. a5 bxa5 29. Rxc5 a4 1/2-1/2

[Event "8MCR_4D_1L_1S"]
[Site "?"]
[Date "2008.??.??"]
[Round "?"]
[White "Kubecek, Jan"]
[Black "Kuchta, Jiri"]
[Result "1-0"]
[WhiteElo "1985"]
[BlackElo "2185"]
[PlyCount "57"]
[EventDate "2008.??.??"]
[EventType "corr"]

1. d4 d5 2. c4 c6 3. Nc3 Nf6 4. e3 e6 5. Nf3 Bd6 6. Bd3 O-O 7. O-O dxc4 8. Bxc4
Nbd7 9. e4 e5 10. Bg5 Qe7 11. d5 Nb6 12. Bb3 h6 13. Bh4 cxd5 14. exd5 Bg4 15.
h3 Bh5 16. Ne4 Nbd7 17. Re1 g5 18. Nxd6 Qxd6 19. Bg3 Rfe8 20. Rc1 Qf8 21. Qd2
Bxf3 22. gxf3 a5 23. d6 Ra6 24. Rcd1 a4 25. Bc4 Rb6 26. b3 axb3 27. axb3 Rc6
28. Qd3 Rxd6 29. Qxd6 1-0

[Event "8MCR_4D_1L_1S"]
[Site "?"]
[Date "2008.??.??"]
[Round "?"]
[White "Kubecek, Jan"]
[Black "Kuta, Jiri"]
[Result "0-1"]
[WhiteElo "1985"]
[BlackElo "2360"]
[PlyCount "28"]
[EventDate "2008.??.??"]
[EventType "corr"]

1. d4 Nf6 2. Nf3 d5 3. c4 c6 4. Nc3 e6 5. Bg5 h6 6. Bh4 dxc4 7. e4 g5 8. Bg3 b5
9. Be2 Bb7 10. O-O Nbd7 11. e5 Nh5 12. Nxg5 Nxg3 13. Nxf7 Nxe2+ 14. Qxe2 Kxf7
0-1

[Event "8MCR_4D_1L_1S"]
[Site "?"]
[Date "2008.??.??"]
[Round "?"]
[White "Kubecek, Jan"]
[Black "Mateka, Petr"]
[Result "0-1"]
[WhiteElo "1985"]
[BlackElo "2330"]
[PlyCount "56"]
[EventDate "2008.??.??"]
[EventType "corr"]

1. d4 Nf6 2. c4 e6 3. Nc3 Bb4 4. Qc2 O-O 5. Bg5 c5 6. a3 Bxc3+ 7. Qxc3 h6 8.
Bxf6 Qxf6 9. e3 cxd4 10. exd4 b6 11. Nf3 Bb7 12. Be2 d5 13. b3 Nd7 14. O-O Rac8
15. Rac1 Rc7 16. Qe3 Rfc8 17. Ne5 Nxe5 18. dxe5 Qe7 19. a4 Ba6 20. cxd5 Rxc1
21. Bxa6 Rxf1+ 22. Kxf1 Rc5 23. d6 Qh4 24. h3 Qh5 25. f4 Qd1+ 26. Kf2 Rc2+ 27.
Kg3 g6 28. Bb5 Kg7 0-1

[Event "8MCR_4D_1L_1S"]
[Site "?"]
[Date "2008.??.??"]
[Round "?"]
[White "Kubecek, Jan"]
[Black "Nedoma, Petr"]
[Result "1/2-1/2"]
[WhiteElo "1985"]
[BlackElo "2323"]
[PlyCount "61"]
[EventDate "2008.??.??"]
[EventType "corr"]

1. d4 Nf6 2. Nf3 d5 3. c4 e6 4. Nc3 c6 5. Bg5 Nbd7 6. e3 h6 7. Bh4 Qa5 8. cxd5
Nxd5 9. Qb3 Bb4 10. Rc1 e5 11. Nxe5 Nxe5 12. dxe5 Be6 13. a3 Bxc3+ 14. bxc3
Nxe3 15. Qxb7 O-O 16. fxe3 Qxe5 17. Qb2 Qxe3+ 18. Be2 Qe4 19. Bf2 Rab8 20. Qd2
Bc4 21. Kf1 Rfe8 22. Bxc4 Qxc4+ 23. Kg1 Rbd8 24. Qb2 Re2 25. Qb4 Qa2 26. Rf1
Rdd2 27. Qc5 Rxf2 28. Rxf2 Rxf2 29. Qxf2 Qb1+ 30. Qf1 Qb6+ 31. Qf2 1/2-1/2

[Event "8MCR_4D_1L_1S"]
[Site "?"]
[Date "2008.??.??"]
[Round "?"]
[White "Kuchta, Jiri"]
[Black "Bednarik, Radovan"]
[Result "0-1"]
[WhiteElo "2185"]
[BlackElo "2112"]
[PlyCount "50"]
[EventDate "2008.??.??"]
[EventType "corr"]

1. d4 d5 2. Nf3 Nf6 3. e3 c5 4. dxc5 e6 5. c4 Bxc5 6. Nc3 Nc6 7. Be2 O-O 8.
cxd5 exd5 9. O-O Re8 10. Qb3 a6 11. Rd1 Be6 12. Na4 Bd6 13. Qxb7 Bd7 14. Qb6
Qe7 15. Nd4 Ne4 16. Nxc6 Bxh2+ 17. Kxh2 Qh4+ 18. Kg1 Qxf2+ 19. Kh2 Rac8 20.
Ne7+ Rxe7 21. Nc3 Qg3+ 22. Kg1 Bh3 23. Bf3 Ng5 24. Bxd5 Rd7 25. Qd4 Bxg2 0-1

[Event "8MCR_4D_1L_1S"]
[Site "?"]
[Date "2008.??.??"]
[Round "?"]
[White "Kuchta, Jiri"]
[Black "Cvak, Rudolf"]
[Result "0-1"]
[WhiteElo "2185"]
[BlackElo "2264"]
[PlyCount "44"]
[EventDate "2008.??.??"]
[EventType "corr"]

1. d4 d5 2. Nf3 Nf6 3. e3 g6 4. c4 Bg7 5. Nc3 O-O 6. cxd5 Nxd5 7. Bd2 Nc6 8.
Bb5 a6 9. Bxc6 bxc6 10. Na4 Nb6 11. Rc1 Bg4 12. Nc5 e5 13. dxe5 Bxe5 14. Bc3
Bxc3+ 15. Rxc3 Qe7 16. O-O Rfd8 17. Qe2 Rab8 18. b3 Nd5 19. Rc4 Rb4 20. Rd1 Rd6
21. Rxb4 Nc3 22. Qc2 Rxd1+ 0-1

[Event "8MCR_4D_1L_1S"]
[Site "?"]
[Date "2008.??.??"]
[Round "?"]
[White "Kuchta, Jiri"]
[Black "Jirku, Jaroslav"]
[Result "1/2-1/2"]
[WhiteElo "2185"]
[BlackElo "2271"]
[PlyCount "75"]
[EventDate "2008.??.??"]
[EventType "corr"]

1. d4 d5 2. Nf3 Nf6 3. e3 c5 4. Be2 e6 5. O-O Nbd7 6. Nbd2 Be7 7. c4 dxc4 8.
Nxc4 O-O 9. Qc2 b6 10. dxc5 Nxc5 11. b3 Bb7 12. Bb2 Be4 13. Qc3 Bd5 14. Rac1
Rc8 15. Qd4 Qc7 16. Qe5 Qxe5 17. Nfxe5 Rfd8 18. Rfd1 Ne8 19. f3 f6 20. Ng4 b5
21. Na5 a6 22. e4 Ba8 23. Rxd8 Bxd8 24. Bd4 Bxa5 25. Rxc5 Bc6 26. Be3 e5 27. a4
Nd6 28. Rc1 Bd7 29. Rxc8+ Bxc8 30. Nf2 Be6 31. Bc5 Nb7 32. Be3 Bd7 33. axb5
axb5 34. Nd3 Bc3 35. Nc5 Nxc5 36. Bxc5 Kf7 37. Kf2 g6 38. b4 1/2-1/2

[Event "8MCR_4D_1L_1S"]
[Site "?"]
[Date "2008.??.??"]
[Round "?"]
[White "Kuchta, Jiri"]
[Black "Kratochvil, Jan"]
[Result "0-1"]
[WhiteElo "2185"]
[BlackElo "1915"]
[PlyCount "84"]
[EventDate "2008.??.??"]
[EventType "corr"]

1. d4 Nf6 2. Nf3 g6 3. c4 Bg7 4. Nc3 d6 5. e4 O-O 6. Be2 e5 7. dxe5 dxe5 8.
Qxd8 Rxd8 9. Bg5 Re8 10. Nd5 Nxd5 11. cxd5 c6 12. Bc4 b5 13. Bb3 Bb7 14. Rc1
Rc8 15. Ke2 Nd7 16. Rhd1 c5 17. a4 c4 18. Bc2 b4 19. Ke1 b3 20. Bb1 Nb6 21. Nd2
Ba6 22. Be7 Nxa4 23. Ba3 Bh6 24. d6 Rd8 25. h4 Rac8 26. h5 gxh5 27. g3 f6 28.
Nxb3 cxb3 29. Rxc8 Bxc8 30. Bd3 Nb6 31. Be2 Be6 32. Bc5 Bf8 33. Ba6 Nc8 34.
Bxc8 Rxc8 35. Bxa7 Bd7 36. Be3 Rc2 37. Rd2 Rc1+ 38. Ke2 Bb5+ 39. Kf3 Rc2 40.
Kg2 Rxd2 41. Bxd2 Bxd6 42. Bc3 Kf7 0-1

[Event "8MCR_4D_1L_1S"]
[Site "?"]
[Date "2008.??.??"]
[Round "?"]
[White "Kuchta, Jiri"]
[Black "Kuta, Jiri"]
[Result "0-1"]
[WhiteElo "2185"]
[BlackElo "2360"]
[PlyCount "84"]
[EventDate "2008.??.??"]
[EventType "corr"]

1. d4 Nf6 2. Nf3 d5 3. e3 e6 4. c4 Be7 5. cxd5 exd5 6. Bd3 c6 7. O-O h6 8. a3
O-O 9. Qc2 Bd6 10. Nbd2 Re8 11. Re1 Bg4 12. Rb1 Nbd7 13. h3 Bxf3 14. Nxf3 Ne4
15. b4 Re6 16. a4 Qe7 17. Bd2 a6 18. b5 axb5 19. axb5 c5 20. dxc5 Ndxc5 21. Ra1
Re8 22. Red1 Rf6 23. Be1 Rxf3 24. gxf3 Ng5 25. f4 Nxh3+ 26. Kg2 Qh4 27. Bh7+
Kh8 28. Bf5 Nxf4+ 29. exf4 Qxf4 30. Bd2 Qh2+ 31. Kf3 Ne4 32. Bxe4 dxe4+ 33. Ke2
Qh5+ 34. Ke1 Qh1+ 35. Ke2 Qf3+ 36. Kf1 f5 37. Be3 Qh3+ 38. Ke2 f4 39. Rxd6 Qh5+
40. Kf1 fxe3 41. Kg2 Qf3+ 42. Kg1 e2 0-1

[Event "8MCR_4D_1L_1S"]
[Site "?"]
[Date "2008.??.??"]
[Round "?"]
[White "Kuchta, Jiri"]
[Black "Mateka, Petr"]
[Result "0-1"]
[WhiteElo "2185"]
[BlackElo "2330"]
[PlyCount "54"]
[EventDate "2008.??.??"]
[EventType "corr"]

1. d4 Nf6 2. Nf3 e6 3. c4 d5 4. e3 Be7 5. cxd5 exd5 6. Bd3 O-O 7. O-O Bg4 8.
Nbd2 Nbd7 9. Qc2 Bd6 10. h3 Bxf3 11. Nxf3 c6 12. b4 Qe7 13. Nh4 g6 14. Rb1 a6
15. Nf3 Ne4 16. a3 f5 17. Bb2 g5 18. Nd2 Ndf6 19. f3 Ng3 20. Rfe1 g4 21. e4
fxe4 22. fxe4 gxh3 23. e5 Ng4 24. gxh3 Nf2 25. Ne4 Nxh3+ 26. Kg2 Qh4 27. Nxg3
Nf4+ 0-1

[Event "8MCR_4D_1L_1S"]
[Site "?"]
[Date "2008.??.??"]
[Round "?"]
[White "Kuchta, Jiri"]
[Black "Nedoma, Petr"]
[Result "1/2-1/2"]
[WhiteElo "2185"]
[BlackElo "2323"]
[PlyCount "148"]
[EventDate "2008.??.??"]
[EventType "corr"]

1. d4 Nf6 2. Nf3 d5 3. e3 e6 4. c4 c6 5. Nc3 Nbd7 6. Bd3 Bd6 7. O-O dxc4 8.
Bxc4 O-O 9. Qc2 e5 10. Bb3 Qe7 11. Bd2 a5 12. a3 e4 13. Ng5 Bxh2+ 14. Kxh2 Ng4+
15. Kg1 Qxg5 16. Qxe4 Qh4 17. Qf4 Ndf6 18. Bd1 Be6 19. Bxg4 Nxg4 20. Ne4 f5 21.
Qg3 Qh2+ 22. Qxh2 Nxh2 23. Kxh2 fxe4 24. f3 Bc4 25. Rf2 a4 26. Bb4 Rf6 27. Rc1
Bd5 28. f4 Rh6+ 29. Kg1 Re8 30. Rff1 Rf6 31. Kh2 h5 32. Kh3 Kh7 33. Kg3 Kg6 34.
Rh1 Kh6 35. Rcf1 Bc4 36. Rc1 Bd5 37. Rcf1 Be6 38. Bd6 Rg8 39. Be5 Rg6+ 40. Kf2
Rg4 41. Rh2 Ra8 42. Rc1 Bd5 43. g3 Ra5 44. Rc5 Ra6 45. Bc7 Ra7 46. Rc1 b6 47.
Bd6 Ra5 48. Rc2 Rb5 49. Rh1 g6 50. Be5 Rb3 51. Rh4 Rxh4 52. gxh4 Kh7 53. Bd6
Kg8 54. Bb4 Kf7 55. Bc3 Be6 56. Rd2 Ke8 57. Rc2 Ke7 58. Bb4+ Kd7 59. Rd2 Bg8
60. Rc2 Bf7 61. Bc3 Be6 62. Rd2 Kd6 63. Kg2 Kd5 64. Kf2 Rxc3 65. bxc3 Kc4 66.
Rd1 b5 67. Rg1 Bf7 68. Rg5 Kxc3 69. f5 gxf5 70. Rxf5 Be8 71. Re5 Bf7 72. Rf5
Be8 73. Re5 Bf7 74. Rf5 Be8 1/2-1/2

[Event "8MCR_4D_1L_1S"]
[Site "?"]
[Date "2008.??.??"]
[Round "?"]
[White "Kuta, Jiri"]
[Black "Antosik, Alois"]
[Result "1/2-1/2"]
[WhiteElo "2360"]
[BlackElo "2200"]
[PlyCount "123"]
[EventDate "2008.??.??"]
[EventType "corr"]

1. d4 Nf6 2. c4 g6 3. Nc3 Bg7 4. e4 d6 5. h3 O-O 6. Be3 c5 7. d5 b5 8. cxb5 a6
9. a4 Qa5 10. Bd2 axb5 11. Bxb5 Ba6 12. Ra3 Nbd7 13. Nf3 Rfc8 14. O-O Bxb5 15.
axb5 Qb4 16. Rb3 Qa5 17. Qc2 Ne8 18. Rb1 Rcb8 19. Qd1 Qc7 20. Ra1 Qb7 21. Bg5
Rxa1 22. Qxa1 e6 23. dxe6 fxe6 24. Qa2 Bxc3 25. Rxc3 Qxe4 26. Re3 Qd5 27. Qxd5
exd5 28. Re7 Ne5 29. Nxe5 dxe5 30. b6 d4 31. Re6 Kf7 32. Rc6 c4 33. Kf1 Ra8 34.
f4 Ra1+ 35. Ke2 d3+ 36. Kd2 Rb1 37. Rxc4 Rxb2+ 38. Kxd3 Rb3+ 39. Rc3 e4+ 40.
Kd4 Rxb6 41. Kxe4 Nf6+ 42. Kd3 Rd6+ 43. Ke2 Nd5 44. Ra3 h5 45. Ra7+ Ke6 46. Rg7
Nc3+ 47. Kf3 Rd3+ 48. Kf2 Ne4+ 49. Kg1 Kf5 50. Rf7+ Ke6 51. Re7+ Kd5 52. Kh2
Nxg5 53. Rd7+ Ke4 54. Rxd3 Kxd3 55. fxg5 Ke4 56. h4 Kf4 57. Kh3 Kf5 58. Kg3 Ke4
59. Kf2 Kf4 60. g3+ Kg4 61. Kg2 Kf5 62. Kf3 1/2-1/2

[Event "8MCR_4D_1L_1S"]
[Site "?"]
[Date "2008.??.??"]
[Round "?"]
[White "Kuta, Jiri"]
[Black "Bednarik, Radovan"]
[Result "1-0"]
[WhiteElo "2360"]
[BlackElo "2112"]
[PlyCount "70"]
[EventDate "2008.??.??"]
[EventType "corr"]

1. d4 d5 2. c4 c6 3. Nf3 Nf6 4. Nc3 Bg4 5. Ne5 Bh5 6. cxd5 Nxd5 7. Qb3 Nb6 8.
e3 N8d7 9. Nd3 e6 10. a4 a5 11. Nf4 Bg6 12. Be2 e5 13. Nxg6 hxg6 14. O-O exd4
15. exd4 Qh4 16. h3 Qxd4 17. Bg4 Bc5 18. Bxd7+ Qxd7 19. Re1+ Kf8 20. Be3 Bxe3
21. Rxe3 Nd5 22. Nxd5 cxd5 23. Rae1 Rd8 24. Qa3+ Kg8 25. Re7 Qc8 26. Qf3 Qf5
27. Qxf5 gxf5 28. Rxb7 d4 29. Rd1 d3 30. Rb5 Rh4 31. b3 Re4 32. Kf1 d2 33. f3
Re3 34. Rxf5 Rxb3 35. Rxa5 Rb2 1-0

[Event "8MCR_4D_1L_1S"]
[Site "?"]
[Date "2008.??.??"]
[Round "?"]
[White "Kuta, Jiri"]
[Black "Boukal, Petr"]
[Result "1/2-1/2"]
[WhiteElo "2360"]
[BlackElo "2416"]
[PlyCount "106"]
[EventDate "2008.??.??"]
[EventType "corr"]

1. d4 Nf6 2. c4 g6 3. Nc3 Bg7 4. e4 d6 5. Nf3 O-O 6. Be2 e5 7. O-O Nc6 8. d5
Ne7 9. b4 a5 10. Ba3 axb4 11. Bxb4 b5 12. a4 Ne8 13. Qb3 c5 14. dxc6 Nxc6 15.
Rfd1 Be6 16. Qa3 Nxb4 17. Qxb4 f5 18. Bd3 Rf7 19. Rab1 Rb7 20. Be2 Rab8 21.
exf5 gxf5 22. g3 Bd7 23. Nxb5 Bf8 24. Qb3 Kh8 25. Ne1 Rc8 26. Nc2 Be6 27. Ne3
Nf6 28. Bf3 Rg7 29. Nd5 Nxd5 30. Bxd5 Bxd5 31. Rxd5 Rc6 32. Rbd1 Qf6 33. Qf3
Rg6 34. R5d2 Rxc4 35. Qa8 Rg8 36. Qb7 Rg7 37. Qb6 Rxa4 38. Qb8 Rg8 39. Qc7 f4
40. Nxd6 Bxd6 41. Rxd6 Qf5 42. R6d5 Re8 43. Qc3 fxg3 44. hxg3 Ra2 45. Qe3 Rb2
46. Rd8 Rb8 47. Rxb8 Rxb8 48. Rd5 Re8 49. Rb5 Qf6 50. f4 e4 51. Kg2 Qa1 52. Rb7
Qa2+ 53. Qf2 Qxf2+ 1/2-1/2